• 首页
  • 本馆介绍
  • 公告通知
  • 最新文献
  • 馆藏检索
  • 电子资源
  • 读者导购
  • 参考咨询
  • 我的图书馆
  • 登录
  • 详细信息显示
  • 放入我的书架
  • 预约/预借图书
  • 作者相关作品
  • 分类相关作品
  • 丛书相关作品
  • 出版社相关作品

书目信息

  • 表格格式
  • 工作单格式
  • 卡片格式
题名:
化学信息学教程
    
 
作者: 加斯泰格尔 , 恩格尔 编著 ;梁逸曾 , 徐峻 , 姚建华 译
分册:  
出版信息: 北京   化学工业出版社  2005
页数: 541页
开本: 24cm
丛书名: 国外优秀化学著作译丛
单 册:
中图分类: O6-39
科图分类:
主题词: 计算机应用--化学--数据处理--教材 , 计算机应用 , 化学 , 数据处理
电子资源:
ISBN: 7-5025-6139-0
000 01590oam2 2200373 450
001 002800427
005 20050308090904.0
010    @a7-5025-6139-0@b精装@dCNY78.00
035    @a002800427
100    @a20050104d2005 em y0chiy0110 ea
101 1  @achi@ceng
102    @aCN@b110000
105    @ay z 001yy
106    @ar
200 1  @a化学信息学教程@Ahua xue xin xi xue jiao cheng@f(德)约翰·加斯泰格尔(Johann Gasteiger),(德)托马斯·恩格尔(Thomas Engel)编著@F( de ) yue han· jia si tai ge er (Johann Gasteiger),( de ) tuo ma si· en ge er (Thomas Engel) bian zhu@g梁逸曾,徐峻,姚建华等译@Gliang yi zeng, xu jun, yao jian hua deng yi
210    @a北京@c化学工业出版社@d2005
215    @a541页@d24cm
225 2  @a国外优秀化学著作译丛@Aguo wai you xiu hua xue zhu zuo yi cong
305    @aWiley-VCH出版公司授权出版
330    @a本书涵盖了化学信息学研究几乎所有重要的领域,包括化合物的表征,数据库的建立与数据资源,信息的检索、分析方法,及其在化学反映、合成设计、药物设计、结构解析等方面的应用。
461  0 @1001002802364@12001 @a国外优秀化学著作译丛
510 1  @aChemoinformatics@zeng
606 0  @a计算机应用@x化学@x数据处理@j教材
606 0  @a计算机应用
606 0  @a化学
606 0  @a数据处理
690    @aO6-39@v4
701  0 @c(德)@a加斯泰格尔@Ajia si tai ge er@c(Gasteiger, Johann )@4编著
701  0 @c(德)@a恩格尔@Aen ge er@c(Engel, Thomas)@4编著
702  0 @a梁逸曾@Aliang yi zeng@4译
702  0 @a徐峻@Axu jun@4译
702  0 @a姚建华@Ayao jian hua@c(计算机化学)@4译
801  0 @aCN@bNLC@c20050309
905    @dG252.7@e64 @f4
    
    化学信息学教程/(德)约翰·加斯泰格尔(Johann Gasteiger),(德)托马斯·恩格尔(Thomas Engel)编著/梁逸曾,徐峻,姚建华等译.-北京:化学工业出版社,2005
    541页;24cm.-(国外优秀化学著作译丛)
    
    
    ISBN 7-5025-6139-0(精装):CNY78.00
    本书涵盖了化学信息学研究几乎所有重要的领域,包括化合物的表征,数据库的建立与数据资源,信息的检索、分析方法,及其在化学反映、合成设计、药物设计、结构解析等方面的应用。
●
相关链接 在E读中查询图书 在五车中查询图书 在当当中查询图书 在豆瓣中查询图书


正题名:化学信息学教程     索取号:G252.7/64         预约/预借

序号 登录号 条形码 馆藏地/架位号 状态 备注
1 0578115   205781153   第一样本阅览室/ [索取号:G252.7/64] 在馆    
2 0578116   205781162   密集书库/ [索取号:G252.7/64] 在馆    
3 0578117   205781171   第四借阅区/ [索取号:G252.7/64] 在馆    
4 0578118   205781180   密集书库/ [索取号:G252.7/64] 在馆    
5 0578119   205781199   第四借阅区/ [索取号:G252.7/64] 在馆    
6 0578120   205781206   第四借阅区/ [索取号:G252.7/64] 在馆    
7 0578121   205781215   密集书库/ [索取号:G252.7/64] 在馆    
8 0578122   205781224   密集书库/ [索取号:G252.7/64] 在馆    
9 0850805   208508051   密集书库/ [索取号:G252.7/64] 在馆    
10 0850806   208508060   密集书库/ [索取号:G252.7/64] 在馆    
11 0850807   208508079   第四借阅区/ [索取号:G252.7/64] 在馆    
12 0850808   208508088   第四借阅区/ [索取号:G252.7/64] 在馆    
唐山师范学院图书馆 欢迎您!
大连网信软件有限公司© 版权所有